000 01092cam a2200313 a 4500
001 3025
005 20260305142336.0
020 _a9780439562119
040 _aDLC
_cDLC
_dDLC
_beng
050 0 0 _aPZ7.T2193825
082 0 0 _a813.54
100 1 _aTeague, Mark
245 1 0 _aDear Mrs. LaRue :
_bletters from obedience school /
_cwritten and illustrated by Mark Teague.
250 _aFirst Scholastic paperback printing, September 2003
260 _aNew York :
_bScholastic ,
_c2002
300 _a30 unnumbered pages :
_bcolor illustrations ;
_c31 cm.
490 _aLaRue
_vBook 1
505 _aR
520 _aGertrude LaRue receives typewritten and paw-written letters from her dog Ike, entreating her to let him leave the Igor Brotweiler Canine Academy and come back home.
521 _a730
_bLexile
521 _aR
_bRaz-Plus
650 1 _aDogs
_vFiction.
650 1 _aDogs
_xTraining
_vFiction.
650 1 _aPets
_vFiction.
650 1 _aLetters
_vFiction.
650 1 _aHumorous stories.
906 _a7
_bcbc
_corignew
_d1
_eocip
_f20
_gy-gencatlg
942 _2ddc
_cBK
_n0
999 _c3025
_d3025